Leadership : Theory and practice (Record no. 171303)

MARC details
000 -LEADER
fixed length control field 00402nam a2200157Ia 4500
008 - FIXED-LENGTH DATA ELEMENTS--GENERAL INFORMATION
fixed length control field 231217s9999 xx 000 0 und d
041 ## - LANGUAGE CODE
Language code of text/sound track or separate title English
082 ## - DEWEY DECIMAL CLASSIFICATION NUMBER
Classification number 658.4092 DAF;2 R1
100 ## - MAIN ENTRY--PERSONAL NAME
Personal name Daft, Richard L
245 #0 - TITLE STATEMENT
Title Leadership : Theory and practice
250 ## - EDITION STATEMENT
Edition statement 2nd ed
260 ## - PUBLICATION, DISTRIBUTION, ETC.
Date of publication, distribution, etc. 2002
Name of publisher, distributor, etc. South-Western
Place of publication, distribution, etc. Australia
300 ## - PHYSICAL DESCRIPTION
Extent xvii+638
650 ## - SUBJECT ADDED ENTRY--TOPICAL TERM
Topical term or geographic name entry element Leadership,:,Theory
942 ## - ADDED ENTRY ELEMENTS (KOHA)
Koha item type Books
Holdings
Date last seen Total checkouts Full call number Accession number Cost, total (INR) price Price effective from Category Lost status Damaged status Department Withdrawn status Home library Current library Shelving location Entry date Vendor Cost, normal purchase price Grants Billnumber Billdate Currency symbol Conversion rate Discount Old discount
26/01/2024   658.4092 DAF;2 R1 26642 921.60 26/01/2024 Books     Central Library   Central Library Central Library Central Library 10/03/2004 LBPD- L.B. Publishers & Distributors Pvt. Ltd. 24.00 MBA 4/37015 04/12/2005 USD 48 4.8 20

© For any Suggestions or Query, please contact the library staff @ librarian@pes.edu or Phone: +9180 2672 1983/ 2108.